000 01684nam a22003015b 4500
999 _c158
_d158
003 AR-BaISA
005 20220601190136.0
007 ta
008 940530s1993 sp ad |||1 ||spa d
020 _a8431106263
020 _a9788431106263
040 _cAR-BaISA
082 0 4 _222
_a613 H311
100 1 0 _aHawe, Penelope
_9378
245 1 0 _aEvaluación en promoción de la salud
_h[Texto impreso]:
_bguía para trabajadores de la salud /
_cPenelope Hawe, Deirdre Degeling y Jane Hall
260 _aBarcelona:
_bMasson,
_c1993
300 _aXX, 262 p.:
_bil., graf.;
_c21 cm
490 1 _aColección de planificación y gestión sanitaria
504 _aBibliografía al final de cada capítulo
504 _aÍndice analítico p: 259-262
505 _tPensar en la evaluación antes de iniciar el programa --
_tValorar las necesidades. ¿Qué problemas debe abordar el programa? --
_tPlanificar el programa --
_tLo primero que ha de medirse: evaluación del proceso --
_tValoración de la evaluación: preparar la valoración de los efectos del programa --
_tEvaluación del impacto y de los resultados: valorar los efectos del programa--
_tMétodos de encuesta y diseño de cuestionarios --
_tCómo revisar la bibliografía --
_tCómo conducir un grupo focal --
_tElección de instrumentos de medición en promoción de la salud --
_tObtener ayuda: localizar y trabajar con consultores
650 1 4 _aPromoción de la salud
_xevaluación
_9343
650 1 4 _aPlanes y programas de salud
_xevaluación
_919
700 1 _aDegeling, Deirdre
_eaut.
_9380
700 1 _aHall, Jane
_eaut
_9381
830 0 _9379
_aColección de planificación y gestión sanitaria
942 _2ddc
_cLI